Countries ending in Y - Statistics

General Stats
  • This quiz has been taken 59 times
  • The average score is 6 of 8
Answer Stats
Answer % Correct
Italy
92%
Paraguay
92%
Uruguay
92%
Hungary
80%
Germany
78%
Turkey
71%
Vatican City
65%
Norway
59%
No matching quizzes found
Score Distribution
Percent of People with Each Score
Percentile by Number Answered
Your Score History
You have not taken this quiz